Thames and Hudson manual of filmmaking (Record no. 25742)

MARC details
000 -LEADER
fixed length control field 00275nam a2200109Ia 4500
082 ## - DEWEY DECIMAL CLASSIFICATION NUMBER
Classification number 778.5
Item number CAL
100 ## - MAIN ENTRY--AUTHOR NAME
Personal name B
245 #0 - TITLE STATEMENT
Title Thames and Hudson manual of filmmaking
260 ## - PUBLICATION, DISTRIBUTION, ETC. (IMPRINT)
Place of publication London
Name of publisher Thames and Hudson
Year of publication 1973
942 ## - ADDED ENTRY ELEMENTS (KOHA)
Koha item type Books
Holdings
Withdrawn status Lost status Damaged status Not for loan Home library Current library Date acquired Cost, normal purchase price Full call number Accession Number Koha item type
        RRII Library RRII Library 16/12/2021 2.00 778.5 CAL 06394 Books